Song: Arctic Monkeys - Statistics

General Stats
  • This quiz has been taken 33 times
  • The average score is 128 of 256
Answer Stats
Answer % Correct
I
97%
a
94%
the
90%
The
90%
you
87%
to
84%
and
81%
And
81%
She
81%
she
81%
be
77%
on
77%
if
71%
in
68%
my
68%
of
68%
she's
68%
She's
68%
That
68%
that
68%
who
68%
Her
65%
her
65%
then
65%
But
61%
for
61%
were
61%
would
61%
it
58%
Not
58%
you're
58%
could
55%
I'm
55%
was
55%
by
52%
like
52%
never
52%
than
52%
all
48%
as
48%
As
48%
eyes
48%
It's
48%
us
48%
wouldn't
48%
just
45%
that's
45%
they
45%
this
45%
At
42%
out
42%
she'd
42%
been
39%
carry
39%
Fools
39%
fools
39%
kind
39%
made
39%
parade
39%
waiting
39%
cavort
35%
Cavort
35%
door
35%
front
35%
fuck
35%
hand
35%
nothing
35%
about
32%
beside
32%
better
32%
find
32%
here
32%
make
32%
rather
32%
saying
32%
secret
32%
There's
32%
along
29%
arms
29%
believe
29%
Even
29%
giggling
29%
had
29%
hollowed
29%
How
29%
night
29%
stares
29%
very
29%
absolutely
26%
behind
26%
came
26%
care
26%
celebration
26%
clear
26%
corrected
26%
get
26%
Grabbed
26%
least
26%
looking
26%
most
26%
occupied
26%
soon
26%
such
26%
swam
26%
think
26%
Wednesday
26%
completely
23%
conclusion
23%
creature
23%
folded
23%
gaze
23%
habitat
23%
indignant
23%
leave
23%
little
23%
magnolia
23%
miserable
23%
notice
23%
Ones
23%
order
23%
overture
23%
squint
23%
survive
23%
swings
23%
tonight's
23%
Turn
23%
tyke
23%
bookshelf
19%
daft
19%
embarrassed
19%
Frolic
19%
holds
19%
page
19%
phantasm
19%
picture
19%
reputation
19%
scribble
19%
suddenly
19%
unexpected
19%
earlier
16%
reluctant
16%
absence
13%
butler
13%
pushing
13%
unveiling
13%
attempted
10%
No matching quizzes found
Score Distribution
Percent of People with Each Score
Percentile by Number Answered
Your Score History
You have not taken this quiz